Normal view
MARC view
- Electronic circuit design
Entry Topical Term
001 - CONTROL NUMBER
- control field: 103028
003 - CONTROL NUMBER IDENTIFIER
- control field: NUST
005 - DATE AND TIME OF LATEST TRANSACTION
- control field: 20221118105446.0
008 - FIXED-LENGTH DATA ELEMENTS
- fixed length control field: 221118|| aca||aabn | a|a d
040 ## - CATALOGING SOURCE
- Original cataloging agency: NUST
- Transcribing agency: NUST
150 ## - HEADING--TOPICAL TERM
- Topical term or geographic name entry element: Electronic circuit design
- General subdivision: Laboratory manuals
670 ## - SOURCE DATA FOUND
- Source citation: Work cat.: (NUST)181345: Hayes, Thomas C. 103027, Student manual for the art of electronics /, c1989
